000 00313 a2200109 4500
001 ART_6224
005 20260410161825.0
008 260409a
245 1 0 _aLa empresa en el Derecho Tributario Argentino
100 1 _aLe Pera, Alfredo
773 0 _tFACES
_g- Año 3, Nº 4 (oct. 1997)
_wREV5046
999 _c22722
_d22722